Comedia famosa de Las mocedades del Cid

Zapisane w:
Opis bibliograficzny
1. autor: Castro, Guillén de (Autor)
Format: Książka
Język:hiszpański
Wydane: Estrasburgo Heitz and Mundel 1926
Seria:Bibliotheca Romanica. Biblioteca Española
Hasła przedmiotowe:
Etykiety: Dodaj etykietę
Nie ma etykietki, Dołącz pierwszą etykiete!

MARC

LEADER 00000nam a2200000 a 4500
001 UCY9216
003 CL-VaPUC
008 950713e19260000FR |||||||||||||||||spa|d
082 0 4 |a 862  |b CAS  |2 21 
100 0 |a Castro, Guillén de  |e author  |9 341297 
245 1 0 |a Comedia famosa de Las mocedades del Cid 
300 |a 190 p 
942 |c BK 
945 |d 19950713 00:00:00  |a rbrito 
260 |a Estrasburgo  |b Heitz and Mundel  |c 1926 
650 0 |a Drama español  |9 265098 
583 |a last modification  |c 19950713 00:00:00  |k Rodrigo Vera 
490 0 |a Bibliotheca Romanica. Biblioteca Española 
999 |c 236342  |d 236340 
952 |0 0  |1 0  |4 0  |6 862_000000000000000_CAS_1926  |7 0  |8 A  |9 244393  |a BIBEDU  |b BIBEDU  |d 2019-11-18  |i 3102025  |o 862 CAS 1926  |p 3102025  |r 2019-11-18  |w 2019-11-18  |y BK  |k LIT